LEADER 01023nam a2200241 i 4500 001 000000068793 003 CaOOAMICUS 005 20100810000000.0 008 100810s1969 it u000 u ita u 013 $a39965 040 $aSeMil$bita 100 1 $aHabermas, Jürgen,$d<1929- >.$0(OLS)http://semarc/name/3650 245 10$aTeoria e prassi nella societą tecnologica /$cJürgen Habermas ; prefazione e traduzione di Carlo Donolo. 260 $aBari :$bLaterza,$c1969. 300 $a234 p. ;$c22 cm. 490 0 $aBiblioteca di cultura moderna ;$v680 650 4$aSociologia.$0(OLS)http://semarc/subject/3570 700 1 $aDonolo, Carlo.$0(OLS)http://semarc/name/34360 830 0$aBiblioteca di cultura moderna ;$v680.$0(OLS)http://semarc/title/639 850 $aSeMil 852 $aSeMil$W1$xVenegono$y1$m2O IV 86$j34946$B34946$CSeMilBibl$Z2$F34949 $81 996 $6245$aTeoria e prassi nella societą tecnologica$9(OLS)http://semarc/title/109982 996 $6260$aBari :$bLaterza$9(OLS)http://semarc/publisher/29858 LEADER 00906nas a2200241 i 4500 001 000000195062 003 CaOOAMICUS 005 20101130000000.0 008 101130b1984 it uu u0 0ita r 013 $a173723 040 $aSeMil$bita 245 10$aAchille Grandi :$bper la dignitą dei lavoratori. 260 $a[S.l. :$bs.n.],$c1984. 300 $a23 p. :$bill. ;$c28 cm. 500 $aTitolo dalla copertina. 650 4$aGrandi, Achille.$0(OLS)http://semarc/subject/6267 773 0 $tDiscussione.$dRoma : Arti Grafiche Italiane, [198?]$w()24030 774 0 $t[vedi periodico].$w()274325 850 $aSeMil 852 $aSeMil$W1$xVenegono$y1$m5A XII 7/21$j145631$B145631$CSeMilBibl$Z2$F157209 $81 961 $aOmaggio: Altro 996 $6245$aAchille Grandi :$bper la dignitą dei lavoratori$9(OLS)http://semarc/title/281314 996 $6260$a[S.l. :$bs.n.]$9(OLS)http://semarc/publisher/29751